| 000 | 00521 a2200205 4500 | ||
|---|---|---|---|
| 005 | 20260220122953.0 | ||
| 008 | 260220b |||||||| |||| 00| 0 eng d | ||
| 020 |
_a9789359789064 _cRs. 695.00 |
||
| 040 | _aMAIN | ||
| 082 |
_a796.076137046 _bM295I |
||
| 100 | _aMalik, Neeru | ||
| 245 | _aIntroduction to yoga | ||
| 260 |
_bFriends publication _c2025 _aNew Delhi |
||
| 300 | _a159 | ||
| 650 | _aYoga | ||
| 650 | _aBasic Concepts of Yoga | ||
| 650 | _aPhilosophy of Yoga | ||
| 700 | _aKulbir Singh | ||
| 942 | _cBK | ||
| 999 |
_c396150 _d396150 |
||